000 00910nam a2200265Ia 4500
003 OSt
005 20220928115138.0
006 a|||||r|||| 00| 0
007 ta
008 220927b |||||||| |||| 00| 0 eng d
020 _c3133.9295000000002
024 _a109918
037 _b9601, 29/10/2010, Elite Publishers Distributors
_cTextual
040 _aSDCL
_cSDCL
_beng
041 _2eng
_aeng
082 _aSigma:f, Q0
100 _aMerchant Kenneth A
_9443244
245 0 _aStrategy mapping
_b An interventionist examination of a homebuilder's performance measurement and incentive systems.
260 _aAmsterdam
_bElsevier
_c2010
300 _ax,70p
_ccm.
650 _aFinancial Studies
700 _a Chen Xiaoling
_9443245
942 _hSigma:f, Q0
_cTEXL
_2CC
999 _c758394
_d758394